DCEU and X-Men Actors - Statistics

General Stats
  • This quiz has been taken 37 times
  • The average score is 27 of 72
Answer Stats
Hint Answer % Correct
Wolverine Hugh Jackman
100%
Batman Ben Affleck / Adam West / George Clooney / Michael Keaton
88%
Wonder Woman Gal Gadot
88%
Superman Henry Cavill / Christopher Reeves
88%
Mystique Rebecca Romjin / Jennifer Lawrence
88%
Storm Halle Berry / Alexandra Shipp
85%
Harley Quinn Margot Robbie
85%
Professor X Patrick Stewart / James McAvoy
85%
Deadpool Ryan Reynolds
85%
Black Adam Dwayne Johnson
81%
Aquaman Jason Momoa
77%
Peacemaker John Cena
77%
Jean Grey Famke Janssen / Sophie Turner
73%
Magneto Ian McKellen / Michael Fassbender
73%
Joker Jared Leto
73%
Deadshot Will Smith
65%
The Flash Ezra Miller / Gustin Grant
62%
Quicksilver Evan Peters
58%
Bloodsport Idris Elba
58%
Apocalypse Oscar Isaac
58%
Shazam! Zachary Levi / Asher Angel
58%
Lois Lane Amy Adams
54%
Cyclops James Marsden / Tye Sheridan / Tim Pocock
54%
Beast Kelsey Grammer / Nicholas Hoult
54%
Sebastian Shaw Kevin Bacon
54%
Lex Luthor Jesse Eisenberg
46%
Aflred Pennyworth Jeremy Irons
42%
Cyborg Ray Fisher
42%
King Shark Sylvester Stallone
42%
Perry White Laurence Fishburne
38%
Mera Amber Heard
35%
Magik Anya Taylor-Joy
35%
Sabretooth Liev Schreiber / Tyler Mane
35%
General Zod Michael Shannon
35%
Rogue Anna Paquin
31%
Kitty Pryde Ellen Page
31%
Polka-Dot Man David Dastmalchian
27%
The Wizard (Shazam) Djimon Hounsou
27%
Ocean Master Patrick Wilson
27%
Toad Ray Park / Evan Jongikeit
27%
Nightcrawler Alan Cumming / Kodi Smit-McPhee
23%
Gambit Taylor Kitsch
23%
Angel Ben Hardy / Ben Foster
19%
Banshee Caleb Landry Jones
19%
Emma Frost January Jones
19%
Deathstroke Joe Manganiello
19%
Blue Beetle Xolo Maridueña
19%
X-23 Dafne Keen
15%
Colossus Daniel Cudmore / Stefan Kapićič
15%
William Stryker Josh Helman / Brian Cox / Danny Huston
15%
Supergirl Sasha Calle
15%
Iceman Shawn Ashmore
15%
Black Manta Yahya Abdul-Mateen II
15%
Pyro Alexander Burton / Aaron Stanford
12%
Captain Boomerang Jai Courtney
12%
Havok Lucas Till
12%
Vanessa Carlysle Morena Baccarin
12%
Angel Salvadore Zoë Kravitz
12%
Cannonball Charlie Heaton
8%
Steppenwolf Ciarán Hinds
8%
Sunspot Henry Zaga
8%
Wolfsbane Maisie Williams
8%
TDK Nathan Fillon
8%
Ratcatcher Taika Watiti
8%
Hawkman Aldis Hodge
4%
Ratcatcher 2 Daniela Melchior
4%
Martian Manhunter Harry Lennix
4%
Jubilee Kea Wong / Lana Condor
4%
Yukio Shioli Kutsuna / Rila Fukuishima
4%
Mirage Blu Hunt
0%
Robin Burt Ward
0%
Darkseid Robin Atkin Downes
0%
No matching quizzes found
Score Distribution
Percent of People with Each Score
Percentile by Number Answered
Your Score History
You have not taken this quiz